000 00476nam a2200181Ia 4500
008 090123s9999 xx 000 0 und d
082 _b17477
100 _aपालेकर वसंत
245 _aवसंत
250 _a1
260 _bवसंत प्रकाशन
_c1984
300 _a80
600 _aपालेकर वसंत
630 _aवसंत
700 _aपालेकर वसंत
730 _aवसंत
942 _cBOOK
999 _c55536
_d55536